000 01043nam a2200241Ia 4500
001 21620
005 20260422162845.0
008 260320s9999||||xx |||||||||||||| ||und||
020 _a997261770X
041 _aESP
082 _a338.985
_bK88
100 _aKuczynski, Pedro Pablo,
_eAUT
245 0 _aEl reto 2001 :
_bcompetir y crear empleo
260 _aLima :
_bEl Comercio,
_c2001
300 _a183 páginas :
_bgráficos ;
_c23 cm.
650 _aCIS
653 _aEconomía; Producción; Desarrollo y crecimiento económico
654 _aCAN
700 _aOrtiz de Zevallos, Felipe,
_cAUT
856 _uhttps://0u213xits-y-https-ebooks7--24-com.itmsp.museknowledge.com/visorBook.aspx?i=16782&t=6FD85C47-1F1C-4E7B-944A-A54F68AA76CC
_zVéase además: RE(invéntate). El poder de (RE)iniciar, (RE)imaginarlo todo y co-crear, por Armando (Re)gil Velasco. Versión digital
856 _uhttps://itmsp.museknowledge.com/UCSP?groupID=2&action=source&sourceID=eBooks724
_zVéase además: Base de datos Ebook7-24
942 _cLIB
_dJUS
_fTRC
_2ddc
999 _c21620
_d21620